000 00938nam a2200253Ia 4500
003 OSt
005 20220930190137.0
006 a|||||r|||| 00| 0
007 ta
008 220926b |||||||| |||| 00| 0 hin d
020 _a817714295X (hbk)
_c500
024 _a1405
037 _b423, 25/03/2010, Swaraj Prakashan
_cTextbook
040 _aCRL
_cCRL
_bhin
041 _2hin
_ahin
082 _aO152,1M86:g, P8
100 _aसिन्हा, रमेश प्रसाद
245 0 _aमैथिलीशरण गुप्त की काव्यभषा
246 _aPatrakāritā evan janasanparka
260 _aनई दिल्ली,
_bप्रकाशन संस्थान, भारत
_c2008
300 _a336पृ0
_ccm.
942 _hO152,1M86:g, P8
_cTB
_2CC
999 _c891670
_d891670